| 000 | 00623nam a22001577a 4500 | ||
|---|---|---|---|
| 003 | OSt | ||
| 005 | 20150910105209.0 | ||
| 008 | 150910b xxu||||| |||| 00| 0 eng d | ||
| 040 | _cRUA | ||
| 082 | _2AGR ជា 1994 B009 Or.1 | ||
| 100 |
_9216 _aជា វិបុល |
||
| 245 | _aការវិភាគគំរោងឥណទាន និងស្ទង់មើលសេដ្ឋកិច្ចសង្គមរបស់អ្នកនេសាទ និងជាងចំលាក់នៅខេត្តពោធិសាត់ | ||
| 260 |
_aPhnom Penh _bRUA _c1994 |
||
| 300 |
_a51p. _bill. _c29cm. |
||
| 942 |
_2ddc _cAGR |
||
| 999 |
_c198 _d198 |
||